Statistics for Top 10 Everton Premier League Most Assists

Click here to take the quiz!

General Stats

  • This quiz has been taken 79 times
    (50 since last reset)
  • The average score is 5 of 11

Answer Stats

PlayerAssists% Correct
Leighton Baines54
86%
Séamus Coleman24
71%
Romelu Lukaku24
64%
Leon Osman29
50%
Mikel Arteta38
45%
Tim Cahill25
45%
Duncan Ferguson24
40%
Steven Pienaar26
31%
Thomas Gravesen26
21%
Nick Barmby28
17%
Andy Hinchcliffe31
12%

Score Distribution

Percentile by Number Answered

Percent of People with Each Score

Your Score History

You have not taken this quiz since the last reset